Cultura general por letra - D - Estadísticas

Estadísticas generales
  • Esta prueba ha sido intentada 5.808 veces
    5.059 desde el último reinicio
  • La puntuación promedio es 14 de 20
Estadísticas de respuestas
Pista Respuesta % Correcto
Lo contrario a la noche Día
97%
País al norte de Alemania, al que pertenecen las Islas Feroe Dinamarca
96%
Animal mítico que vuela y escupe fuego Dragón
94%
Día de la semana en que se celebra el Súper Bowl Domingo
93%
Canción de Luis Fonsi que fue éxito mundial Despacito
92%
Aplicación para aprender idiomas, cuya mascota es un búho verde Duolingo
92%
Enfermedad metabólica que eleva los niveles de glucosa en la sangre Diabetes
90%
Elefante volador Dumbo
88%
Sahara, Gobi, Atacama, Mojave Desierto
84%
Río europeo que atraviesa ciudades como Budapest y Bratislava Danubio
81%
Flor que, al soplarla, da buena suerte y permite pedir un deseo Diente de león
79%
Gruñón amigo alado de Mickey Mouse Donald
79%
Cantante albanobritánica, entre cuyos éxitos se encuentran “Don’t start now” y “Levitating” Dua Lipa
68%
Término que refiere al linaje de una familia política, sobre todo para las familias gobernantes de China Dinastía
67%
Protagonista de “El Mago de Oz” Dorothy Gale
58%
El Desembarco de Normandía Día D
52%
Lugar en Grecia donde se encontraba el tan famoso oráculo Delfos
43%
“El lugar más feliz de la Tierra” Disneyland
41%
Equipo de beisbol con sede en Los Ángeles Dodgers
27%
Título que tenía María Antonieta antes de convertirse en reina de Francia Delfina de Austria
12%
No se encontraron pruebas coincidentes
Distribución de puntuación
Porcentaje de gente con cada puntuación
Porcentaje por número respondido
Historial de tus puntuaciones
No has intentado esta prueba desde el último reinicio